<?xml version="1.0" encoding="UTF-8"?>
<record
    xmlns:xsi="http://www.w3.org/2001/XMLSchema-instance"
    xsi:schemaLocation="http://www.loc.gov/MARC21/slim http://www.loc.gov/standards/marcxml/schema/MARC21slim.xsd"
    xmlns="http://www.loc.gov/MARC21/slim">

  <leader>03198nam a2200397Ia 4500</leader>
  <datafield tag="952" ind1=" " ind2=" ">
    <subfield code="0">0</subfield>
    <subfield code="1">0</subfield>
    <subfield code="4">0</subfield>
    <subfield code="7">0</subfield>
    <subfield code="a">04</subfield>
    <subfield code="b">04</subfield>
    <subfield code="d">2008-07-25</subfield>
    <subfield code="l">1</subfield>
    <subfield code="o">HF5667.12 A84 2001</subfield>
    <subfield code="p">04 001565</subfield>
    <subfield code="r">2013-10-26</subfield>
    <subfield code="s">2012-11-03</subfield>
    <subfield code="t">1</subfield>
    <subfield code="w">2012-06-24</subfield>
    <subfield code="y">LB</subfield>
  </datafield>
  <datafield tag="952" ind1=" " ind2=" ">
    <subfield code="0">0</subfield>
    <subfield code="1">0</subfield>
    <subfield code="4">0</subfield>
    <subfield code="7">0</subfield>
    <subfield code="a">04</subfield>
    <subfield code="b">04</subfield>
    <subfield code="d">2008-07-25</subfield>
    <subfield code="l">1</subfield>
    <subfield code="o">HF5667.12 A84 2001</subfield>
    <subfield code="p">04 001566</subfield>
    <subfield code="r">2014-01-27</subfield>
    <subfield code="s">2014-01-27</subfield>
    <subfield code="t">2</subfield>
    <subfield code="w">2012-06-24</subfield>
    <subfield code="y">LB</subfield>
  </datafield>
  <datafield tag="952" ind1=" " ind2=" ">
    <subfield code="0">0</subfield>
    <subfield code="1">0</subfield>
    <subfield code="4">0</subfield>
    <subfield code="7">0</subfield>
    <subfield code="a">18</subfield>
    <subfield code="b">18</subfield>
    <subfield code="d">2011-09-22</subfield>
    <subfield code="l">0</subfield>
    <subfield code="o">HF5667.12 A83 2001</subfield>
    <subfield code="p">18 001478</subfield>
    <subfield code="r">2012-06-26</subfield>
    <subfield code="t">1</subfield>
    <subfield code="w">2012-06-26</subfield>
    <subfield code="y">LB</subfield>
  </datafield>
  <datafield tag="952" ind1=" " ind2=" ">
    <subfield code="0">0</subfield>
    <subfield code="1">0</subfield>
    <subfield code="4">0</subfield>
    <subfield code="7">0</subfield>
    <subfield code="a">14</subfield>
    <subfield code="b">14</subfield>
    <subfield code="d">2010-11-29</subfield>
    <subfield code="l">6</subfield>
    <subfield code="o">HF5667  P93  2001</subfield>
    <subfield code="p">14 003552</subfield>
    <subfield code="r">2020-02-25</subfield>
    <subfield code="s">2020-02-25</subfield>
    <subfield code="t">1</subfield>
    <subfield code="w">2012-10-28</subfield>
    <subfield code="y">LB</subfield>
  </datafield>
  <datafield tag="952" ind1=" " ind2=" ">
    <subfield code="0">0</subfield>
    <subfield code="1">0</subfield>
    <subfield code="2">lcc</subfield>
    <subfield code="4">0</subfield>
    <subfield code="7">0</subfield>
    <subfield code="a">01</subfield>
    <subfield code="b">01</subfield>
    <subfield code="d">2011-08-03</subfield>
    <subfield code="l">0</subfield>
    <subfield code="o">HF5667.12 A84 2001.</subfield>
    <subfield code="p">16 000066</subfield>
    <subfield code="r">2023-07-11</subfield>
    <subfield code="t">1</subfield>
    <subfield code="w">2012-10-28</subfield>
    <subfield code="y">LB</subfield>
  </datafield>
  <datafield tag="952" ind1=" " ind2=" ">
    <subfield code="0">0</subfield>
    <subfield code="1">0</subfield>
    <subfield code="2">lcc</subfield>
    <subfield code="4">0</subfield>
    <subfield code="7">0</subfield>
    <subfield code="a">04</subfield>
    <subfield code="b">04</subfield>
    <subfield code="d">2013-10-26</subfield>
    <subfield code="l">1</subfield>
    <subfield code="o">HF5667.12 A84 2001</subfield>
    <subfield code="p">04 004312</subfield>
    <subfield code="r">2015-05-27</subfield>
    <subfield code="s">2015-05-27</subfield>
    <subfield code="t">3</subfield>
    <subfield code="w">2013-10-26</subfield>
    <subfield code="y">LB</subfield>
  </datafield>
  <datafield tag="952" ind1=" " ind2=" ">
    <subfield code="0">0</subfield>
    <subfield code="1">0</subfield>
    <subfield code="4">0</subfield>
    <subfield code="7">0</subfield>
    <subfield code="a">22</subfield>
    <subfield code="b">22</subfield>
    <subfield code="d">2014-05-20</subfield>
    <subfield code="l">0</subfield>
    <subfield code="o">HF5667.12 A84</subfield>
    <subfield code="p">22 000391</subfield>
    <subfield code="r">2014-05-20</subfield>
    <subfield code="t">1</subfield>
    <subfield code="w">2014-05-20</subfield>
    <subfield code="y">LB</subfield>
  </datafield>
  <datafield tag="952" ind1=" " ind2=" ">
    <subfield code="0">0</subfield>
    <subfield code="1">0</subfield>
    <subfield code="4">0</subfield>
    <subfield code="7">0</subfield>
    <subfield code="a">22</subfield>
    <subfield code="b">22</subfield>
    <subfield code="d">2014-05-20</subfield>
    <subfield code="l">0</subfield>
    <subfield code="o">HF5667.12 A84</subfield>
    <subfield code="p">22 000392</subfield>
    <subfield code="r">2014-05-20</subfield>
    <subfield code="t">2</subfield>
    <subfield code="w">2014-05-20</subfield>
    <subfield code="y">LB</subfield>
  </datafield>
  <datafield tag="952" ind1=" " ind2=" ">
    <subfield code="0">0</subfield>
    <subfield code="1">0</subfield>
    <subfield code="2">lcc</subfield>
    <subfield code="4">0</subfield>
    <subfield code="7">0</subfield>
    <subfield code="a">07</subfield>
    <subfield code="b">07</subfield>
    <subfield code="d">2015-02-09</subfield>
    <subfield code="l">1</subfield>
    <subfield code="m">1</subfield>
    <subfield code="o">HF5667.12 A84 2001</subfield>
    <subfield code="p">07 004972</subfield>
    <subfield code="r">2018-07-28</subfield>
    <subfield code="s">2018-07-14</subfield>
    <subfield code="t">1</subfield>
    <subfield code="w">2015-02-09</subfield>
    <subfield code="y">LB</subfield>
  </datafield>
  <datafield tag="952" ind1=" " ind2=" ">
    <subfield code="0">0</subfield>
    <subfield code="1">0</subfield>
    <subfield code="2">lcc</subfield>
    <subfield code="4">0</subfield>
    <subfield code="7">0</subfield>
    <subfield code="a">07</subfield>
    <subfield code="b">07</subfield>
    <subfield code="d">2015-07-09</subfield>
    <subfield code="l">2</subfield>
    <subfield code="o">HF5667.12 A84 2001</subfield>
    <subfield code="p">07 005164</subfield>
    <subfield code="r">2017-11-06</subfield>
    <subfield code="s">2017-11-06</subfield>
    <subfield code="t">2</subfield>
    <subfield code="w">2015-07-09</subfield>
    <subfield code="y">LB</subfield>
  </datafield>
  <datafield tag="952" ind1=" " ind2=" ">
    <subfield code="0">0</subfield>
    <subfield code="1">0</subfield>
    <subfield code="4">0</subfield>
    <subfield code="7">0</subfield>
    <subfield code="a">03</subfield>
    <subfield code="b">03</subfield>
    <subfield code="d">2015-07-09</subfield>
    <subfield code="l">0</subfield>
    <subfield code="o">HF5667.12 A84 2001</subfield>
    <subfield code="p">03 007950</subfield>
    <subfield code="r">2015-07-09</subfield>
    <subfield code="t">1</subfield>
    <subfield code="w">2015-07-09</subfield>
    <subfield code="y">LB</subfield>
  </datafield>
  <datafield tag="952" ind1=" " ind2=" ">
    <subfield code="0">0</subfield>
    <subfield code="1">0</subfield>
    <subfield code="4">0</subfield>
    <subfield code="7">0</subfield>
    <subfield code="a">04</subfield>
    <subfield code="b">04</subfield>
    <subfield code="d">2015-09-04</subfield>
    <subfield code="l">0</subfield>
    <subfield code="o">HF5667.12 A84 2001</subfield>
    <subfield code="p">04 005698</subfield>
    <subfield code="r">2015-09-04</subfield>
    <subfield code="t">4</subfield>
    <subfield code="w">2015-09-04</subfield>
    <subfield code="y">LB</subfield>
  </datafield>
  <datafield tag="952" ind1=" " ind2=" ">
    <subfield code="0">0</subfield>
    <subfield code="1">0</subfield>
    <subfield code="2">lcc</subfield>
    <subfield code="4">0</subfield>
    <subfield code="7">0</subfield>
    <subfield code="a">13</subfield>
    <subfield code="b">13</subfield>
    <subfield code="d">2016-01-22</subfield>
    <subfield code="l">0</subfield>
    <subfield code="o">HF5667.12 A84 2001</subfield>
    <subfield code="p">13 003249</subfield>
    <subfield code="r">2016-01-22</subfield>
    <subfield code="t">1</subfield>
    <subfield code="w">2016-01-22</subfield>
    <subfield code="y">LB</subfield>
  </datafield>
  <datafield tag="952" ind1=" " ind2=" ">
    <subfield code="0">0</subfield>
    <subfield code="1">0</subfield>
    <subfield code="4">0</subfield>
    <subfield code="7">0</subfield>
    <subfield code="a">22</subfield>
    <subfield code="b">22</subfield>
    <subfield code="d">2016-02-16</subfield>
    <subfield code="l">28</subfield>
    <subfield code="o">HF5667.12 A84 2001</subfield>
    <subfield code="p">06 003001</subfield>
    <subfield code="r">2019-11-25</subfield>
    <subfield code="s">2019-11-25</subfield>
    <subfield code="t">1</subfield>
    <subfield code="w">2016-02-16</subfield>
    <subfield code="y">LB</subfield>
  </datafield>
  <datafield tag="952" ind1=" " ind2=" ">
    <subfield code="0">0</subfield>
    <subfield code="1">0</subfield>
    <subfield code="4">0</subfield>
    <subfield code="7">0</subfield>
    <subfield code="a">03</subfield>
    <subfield code="b">03</subfield>
    <subfield code="d">2016-03-15</subfield>
    <subfield code="l">0</subfield>
    <subfield code="o">HF5667.12 A84 2001</subfield>
    <subfield code="p">03 008831</subfield>
    <subfield code="r">2016-03-15</subfield>
    <subfield code="t">2</subfield>
    <subfield code="w">2016-03-15</subfield>
    <subfield code="y">LB</subfield>
  </datafield>
  <datafield tag="952" ind1=" " ind2=" ">
    <subfield code="0">0</subfield>
    <subfield code="1">0</subfield>
    <subfield code="4">0</subfield>
    <subfield code="7">0</subfield>
    <subfield code="a">18</subfield>
    <subfield code="b">18</subfield>
    <subfield code="d">2016-03-22</subfield>
    <subfield code="l">0</subfield>
    <subfield code="o">HF5667.12 A83 2001</subfield>
    <subfield code="p">18 002560</subfield>
    <subfield code="r">2016-03-22</subfield>
    <subfield code="t">2</subfield>
    <subfield code="w">2016-03-22</subfield>
    <subfield code="y">LB</subfield>
  </datafield>
  <datafield tag="952" ind1=" " ind2=" ">
    <subfield code="0">0</subfield>
    <subfield code="1">0</subfield>
    <subfield code="4">0</subfield>
    <subfield code="7">0</subfield>
    <subfield code="a">18</subfield>
    <subfield code="b">18</subfield>
    <subfield code="d">2016-03-22</subfield>
    <subfield code="l">1</subfield>
    <subfield code="o">HF5667.12 A83 2001</subfield>
    <subfield code="p">18 002561</subfield>
    <subfield code="r">2018-03-12</subfield>
    <subfield code="s">2018-03-10</subfield>
    <subfield code="t">3</subfield>
    <subfield code="w">2016-03-22</subfield>
    <subfield code="y">LB</subfield>
  </datafield>
  <datafield tag="952" ind1=" " ind2=" ">
    <subfield code="0">0</subfield>
    <subfield code="1">0</subfield>
    <subfield code="4">0</subfield>
    <subfield code="7">0</subfield>
    <subfield code="a">18</subfield>
    <subfield code="b">18</subfield>
    <subfield code="d">2016-03-22</subfield>
    <subfield code="l">0</subfield>
    <subfield code="o">HF5667.12 A83 2001</subfield>
    <subfield code="p">18 002562</subfield>
    <subfield code="r">2016-03-22</subfield>
    <subfield code="t">4</subfield>
    <subfield code="w">2016-03-22</subfield>
    <subfield code="y">LB</subfield>
  </datafield>
  <datafield tag="952" ind1=" " ind2=" ">
    <subfield code="0">0</subfield>
    <subfield code="1">0</subfield>
    <subfield code="4">0</subfield>
    <subfield code="7">0</subfield>
    <subfield code="a">03</subfield>
    <subfield code="b">03</subfield>
    <subfield code="d">2016-04-06</subfield>
    <subfield code="l">0</subfield>
    <subfield code="o">HF5667.12 A84 2001</subfield>
    <subfield code="p">03 008832</subfield>
    <subfield code="r">2016-04-06</subfield>
    <subfield code="t">3</subfield>
    <subfield code="w">2016-04-06</subfield>
    <subfield code="y">LB</subfield>
  </datafield>
  <datafield tag="952" ind1=" " ind2=" ">
    <subfield code="0">0</subfield>
    <subfield code="1">0</subfield>
    <subfield code="2">lcc</subfield>
    <subfield code="4">0</subfield>
    <subfield code="7">0</subfield>
    <subfield code="a">04</subfield>
    <subfield code="b">04</subfield>
    <subfield code="d">2018-06-04</subfield>
    <subfield code="l">0</subfield>
    <subfield code="o">HF5667.12  A84 2001</subfield>
    <subfield code="p">05 000702</subfield>
    <subfield code="r">2023-02-13</subfield>
    <subfield code="t">1</subfield>
    <subfield code="w">2018-06-04</subfield>
    <subfield code="y">LB</subfield>
  </datafield>
  <datafield tag="952" ind1=" " ind2=" ">
    <subfield code="0">0</subfield>
    <subfield code="1">0</subfield>
    <subfield code="4">0</subfield>
    <subfield code="7">0</subfield>
    <subfield code="a">09</subfield>
    <subfield code="b">09</subfield>
    <subfield code="d">2018-09-28</subfield>
    <subfield code="l">0</subfield>
    <subfield code="o">HF5667.12 A84 2001</subfield>
    <subfield code="p">09 005190</subfield>
    <subfield code="r">2018-09-28</subfield>
    <subfield code="t">1</subfield>
    <subfield code="w">2018-09-28</subfield>
    <subfield code="y">LB</subfield>
  </datafield>
  <datafield tag="952" ind1=" " ind2=" ">
    <subfield code="0">0</subfield>
    <subfield code="1">0</subfield>
    <subfield code="2">lcc</subfield>
    <subfield code="4">0</subfield>
    <subfield code="7">0</subfield>
    <subfield code="a">13</subfield>
    <subfield code="b">13</subfield>
    <subfield code="d">2016-01-22</subfield>
    <subfield code="l">0</subfield>
    <subfield code="o">HF5667.12 A84 2001</subfield>
    <subfield code="p">13 005053</subfield>
    <subfield code="r">2025-04-16</subfield>
    <subfield code="t">2</subfield>
    <subfield code="w">2016-01-22</subfield>
    <subfield code="y">LB</subfield>
    <subfield code="f"></subfield>
  </datafield>
  <datafield tag="999" ind1=" " ind2=" ">
    <subfield code="c">62154</subfield>
    <subfield code="d">62154</subfield>
  </datafield>
  <controlfield tag="008">120625s2001    ck      r     001 0 spa d</controlfield>
  <datafield tag="020" ind1=" " ind2=" ">
    <subfield code="a">9701507312</subfield>
  </datafield>
  <datafield tag="050" ind1="0" ind2="4">
    <subfield code="a">HF5667.12</subfield>
    <subfield code="b">A84 2001</subfield>
  </datafield>
  <datafield tag="245" ind1="1" ind2="0">
    <subfield code="a">Auditoria inform&#xE1;tica</subfield>
    <subfield code="b"> : un enfoque practico</subfield>
    <subfield code="c"> / coordinadores, Mario Gerardo Piattini Velthuis, Emilio del Peso Navarro</subfield>
  </datafield>
  <datafield tag="250" ind1=" " ind2=" ">
    <subfield code="a">2a edici&#xF3;n ampliada y revisada</subfield>
  </datafield>
  <datafield tag="260" ind1=" " ind2=" ">
    <subfield code="a">M&#xE9;xico</subfield>
    <subfield code="b"> : Alfaomega</subfield>
    <subfield code="c"> , 2001</subfield>
  </datafield>
  <datafield tag="300" ind1=" " ind2=" ">
    <subfield code="a">xliv, 660 p&#xE1;ginas </subfield>
    <subfield code="c"> : ilustraciones </subfield>
  </datafield>
  <datafield tag="500" ind1=" " ind2=" ">
    <subfield code="a">Ejemplar 1 (04 001565) y 2 (04 001566) son 4ta. reimpresi&#xF3;n 2006
Ejemplar 3 (04 004312) y 4 (04 005698) son 10a. reimpresi&#xF3;n 2013</subfield>
  </datafield>
  <datafield tag="504" ind1=" " ind2=" ">
    <subfield code="a">Bibliograf&#xED;a: pp. 650-654</subfield>
  </datafield>
  <datafield tag="505" ind1="0" ind2=" ">
    <subfield code="a">La inform&#xE1;tica como herramienta del auditor financiero 
Control interno y auditoria inform&#xE1;tica 
Metodolog&#xED;as de control interno, seguridad y auditoria inform&#xE1;tica 
El informe de auditor&#xED;a 
Organizaci&#xF3;n del departamento de auditoria inform&#xE1;tica 
El marco jur&#xED;dico de la auditor&#xED;a inform&#xE1;tica 
Deontolog&#xED;a del auditor inform&#xE1;tico y c&#xF3;digos &#xE9;ticos 
Principales &#xE1;reas de la auditor&#xED;a inform&#xE1;tica 
Auditor&#xED;a de la ofim&#xE1;tica 
Auditor&#xED;a de la direcci&#xF3;n 
Auditor&#xED;a de la explotaci&#xF3;n 
Auditor&#xED;a del desarrollo 
Auditor&#xED;a del mantenimiento 
Auditor&#xED;a de bases de datos 
Auditor&#xED;a de t&#xE9;cnica de sistemas 
Auditor&#xED;a de la calidad
Auditor&#xED;a de la seguridad 
Auditor&#xED;a de redes 
Auditor&#xED;a de aplicaciones </subfield>
  </datafield>
  <datafield tag="519" ind1=" " ind2=" ">
    <subfield code="a">Plan Flexible / </subfield>
    <subfield code="b">Inform&#xE1;tica / </subfield>
    <subfield code="c">Auditoria de Sistemas Inform&#xE1;ticos (P33-3) / </subfield>
    <subfield code="d">(04 001565, 04 001566, 04 004312, 04 005698)</subfield>
  </datafield>
  <datafield tag="519" ind1=" " ind2=" ">
    <subfield code="a">Educaci&#xF3;n Mixta /</subfield>
    <subfield code="b">Inform&#xE1;tica /</subfield>
    <subfield code="c">Auditor&#xED;a de Sistemas Inform&#xE1;ticos (P33-2) / </subfield>
    <subfield code="d">(13 003249)</subfield>
  </datafield>
  <datafield tag="519" ind1=" " ind2=" ">
    <subfield code="a">Material Complementario / </subfield>
    <subfield code="d">(05 000702) </subfield>
  </datafield>
  <datafield tag="519" ind1=" " ind2=" ">
    <subfield code="a">Educaci&#xF3;n Mixta / </subfield>
    <subfield code="b">Inform&#xE1;tica / </subfield>
    <subfield code="c">Auditor&#xED;a de Sistemas Inform&#xE1;ticos (P33-3) / </subfield>
    <subfield code="d">(06 003001)</subfield>
  </datafield>
  <datafield tag="519" ind1=" " ind2=" ">
    <subfield code="a">Material Complementario /</subfield>
    <subfield code="b">Inform&#xE1;tica /</subfield>
    <subfield code="d">(09 005190)</subfield>
  </datafield>
  <datafield tag="519" ind1=" " ind2=" ">
    <subfield code="a">Plan Flexible / </subfield>
    <subfield code="b">Tecnolog&#xED;as de la Informaci&#xF3;n / </subfield>
    <subfield code="c">Legislaci&#xF3;n Inform&#xE1;tica (B19 -3) / </subfield>
    <subfield code="d">(18 001478, 18 002560)</subfield>
  </datafield>
  <datafield tag="519" ind1=" " ind2=" ">
    <subfield code="a">Bachillerato Tecnol&#xF3;gico / </subfield>
    <subfield code="b">Inform&#xE1;tica Administrativa / </subfield>
    <subfield code="c">Laboratorio de Inform&#xE1;tica IV (3) / </subfield>
    <subfield code="d">(18 002561, 18 002562)</subfield>
  </datafield>
  <datafield tag="519" ind1=" " ind2=" ">
    <subfield code="a">Educaci&#xF3;n Mixta / </subfield>
    <subfield code="b">Inform&#xE1;tica / </subfield>
    <subfield code="c">Auditor&#xED;a de Sistemas Inform&#xE1;ticos (P33) / </subfield>
    <subfield code="d">(22 000391)</subfield>
  </datafield>
  <datafield tag="519" ind1=" " ind2=" ">
    <subfield code="a">Material Complementario / </subfield>
    <subfield code="b">Inform&#xE1;tica / </subfield>
    <subfield code="d">(22 000392)</subfield>
  </datafield>
  <datafield tag="519" ind1=" " ind2=" ">
    <subfield code="a">Plan Flexible /</subfield>
    <subfield code="b">Inform&#xE1;tica /</subfield>
    <subfield code="c">Auditoria de Sistemas Inform&#xE1;ticos (P33-3) /</subfield>
    <subfield code="d">(03 007950)</subfield>
  </datafield>
  <datafield tag="519" ind1=" " ind2=" ">
    <subfield code="a">Educaci&#xF3;n Mixta /</subfield>
    <subfield code="b">Inform&#xE1;tica /</subfield>
    <subfield code="c">Auditoria de Sistema Inform&#xE1;ticos (P33-2) /</subfield>
    <subfield code="d">(03 008831) </subfield>
  </datafield>
  <datafield tag="519" ind1=" " ind2=" ">
    <subfield code="a">Educaci&#xF3;n Mixta /</subfield>
    <subfield code="b">Inform&#xE1;tica /</subfield>
    <subfield code="c">Auditoria de Sistema Inform&#xE1;ticos (P33-3) /</subfield>
    <subfield code="d">(03 008832)</subfield>
  </datafield>
  <datafield tag="519" ind1=" " ind2=" ">
    <subfield code="a">Material Complementario /</subfield>
    <subfield code="d">(07 004972, 07 005164)</subfield>
  </datafield>
  <datafield tag="519" ind1=" " ind2=" ">
    <subfield code="a">Material Complementario /</subfield>
    <subfield code="d">(14 003552)</subfield>
  </datafield>
  <datafield tag="650" ind1="1" ind2="4">
    <subfield code="a">PROCESAMIENTO ELECTR&#xD3;NICO DE DATOS</subfield>
    <subfield code="x">AUDITOR&#xCD;A </subfield>
  </datafield>
  <datafield tag="700" ind1="1" ind2=" ">
    <subfield code="a">Piattini Velthuis, Mario Gerardo</subfield>
    <subfield code="e">coordinador</subfield>
  </datafield>
  <datafield tag="700" ind1="1" ind2=" ">
    <subfield code="a">Peso Navarro, Emilio del</subfield>
    <subfield code="e">coordinador</subfield>
  </datafield>
  <datafield tag="942" ind1=" " ind2=" ">
    <subfield code="c">LB</subfield>
  </datafield>
</record>
